Statistiken für Länder, die Brasilien besiegen

Klicken Sie hier um das Quiz zu spielen!

Allgemein

  • Dieses Quiz wurde 146 mal gespielt
  • Das Durchschnittsergebnis liegt bei 9 aus 16

Antwortstatistiken

RangKategorieLänder% Korrekt
5Höchste BevölkerungChina, Indien, USA, Indonesien
100%
7Südlichster PunktChile, Argentinien, Australien, ...
99%
4Die meisten angrenzenden LänderChina, Russland, Frankreich
97%
2Größte bewaldete FlächeRussland
87%
2Die meisten Sterne auf der FlaggeUSA
87%
11Höchste MordrateEl Salvador, Honduras, Venezuela, ...
63%
6Hauptstadt, die am weitesten von den Hauptstädten anderer Länder entfernt istAustralien, Neuseeland, Osttimor, ...
60%
2Höchste christliche BevölkerungUSA
53%
2Größte Fläche mit tropischem WaldIndonesien
52%
2Die meisten KathedralenItalien
44%
4BananenproduktionIndien, China, Indonesien
34%
2EisenerzproduktionAustralien
25%
4KakaoproduktionElfenbeinküste, Ghana, Indonesien
21%
2# Mal Gastgeber der FIFA-Weltmeisterschaft der Männer (bis 2026)Mexiko
20%
2Die meisten von Mangroven bewachsenen GebieteIndonesien
18%
7Zuletzt gegründete HauptstadtPalau, Myanmar, Nigeria, ...
11%

Verteilung der Resultate

Perzentil nach korrekt beantworteten Fragen

Anzahl Personen mit jedem Resultat

Ihre Resultats-Entwicklung

Sie haben dieses Quiz noch nicht gespielt